U.S. Cities With Population > 1 Million - Statistics

General Stats
  • This quiz has been taken 89,905 times
    4,930 since last reset
  • The average score is 11 of 14
Answer Stats
Population Years City % Correct
8,584,629 1857– New York City
100%
3,869,089 1928– Los Angeles
99%
2,731,585 1889– Chicago
97%
1,329,491 1990– Dallas
96%
2,397,315 1963– Houston
95%
Rest in Peace ☠️ 1921–1990 Detroit
89%
1,574,281 1888– Philadelphia
88%
1,665,481 1991– Phoenix
83%
1,406,106 1986– San Diego
81%
1,002,632 2025– Austin
74%
1,548,422 1991– San Antonio
74%
1,017,689 2024– Jacksonville
64%
Rest in Peace ☠️ 2014–2020 San Jose
63%
1,028,117 2024– Fort Worth
45%
No matching quizzes found
Score Distribution
Percent of People with Each Score
Percentile by Number Answered
Your Score History
You have not taken this quiz since the last reset